000 01406aam a2200265 i 4500
999 _c40688
_d40688
001 768714001
003 CO-MdFUSB
005 20190125194653.0
008 190125b2016 ck ||||| |||| 00| 0 spa d
020 _a9789588951980
040 _aCO-MdFUSB
_bspa
_cCO-MdFUSB
_dCO-MdFUSBC
_erda
041 0 _aara
082 0 4 _a918.612
_222
_bA697m
100 1 _aAricapa, Ricardo
_eautor
245 1 0 _aMedellín es así : Crónicas y reportajes
_c/ Ricardo Aricapa
264 _aMedellín, Colombia :
_bEdiciones B,
_c2016
300 _a311 Páginas
_c; 23 cm.
336 _2rdacontent
_atexto
_btxt
337 _2rdamedia
_asin mediación
_bn
338 _2rdacarrier
_avolumen
_bnc
505 _aLas mujeres de Pablo García. -- La historia de Edilma -- El discreto encanto del strip-tease. -- La nostalgia de la Lovaina. -- La casa de la Chama. -- Del Chocó a una casa de ricos. -- Una reina de salario mínimo -- La ciudad de los muertos -- El corazón de Medellín -- Donde se compra desde un armadillo. -- La real academia del parlache. -- Cuando juega el poderoso -- Siguen sonando serenatas. -- Cuando los sicarios profanaron la eucaristía. -- El hijo mayor del río Medellín. -- Los gitanos de Santa María -- Vendedores de rosas nocturnas. -- La tragedia de Villatina vivida por dos payasos.
563 _aRústico
651 7 _aMedellín (Antioquia : Colombia)
_xEnsayo periodístico.
942 _cBK